Normal view
MARC view
- Advanced Organic Chemistrt
Entry Topical Term
001 - CONTROL NUMBER
- control field: 123320
003 - CONTROL NUMBER IDENTIFIER
- control field: NUST
005 - DATE AND TIME OF LATEST TRANSACTION
- control field: 20240606145135.0
008 - FIXED-LENGTH DATA ELEMENTS
- fixed length control field: 240606|| aca||aabn | a|a d
040 ## - CATALOGING SOURCE
- Original cataloging agency: NUST
- Transcribing agency: NUST
150 ## - HEADING--TOPICAL TERM
- Topical term or geographic name entry element: Advanced Organic Chemistrt
670 ## - SOURCE DATA FOUND
- Source citation: Work cat.: (NUST): March ,Jerry 1256, Advanced Organic Chemistrt,, 1992.
